000 005140000a22001810004500
020 _a958-614-451-8
041 0 _aSPA
082 0 4 _aG 572 F8996e
100 1 _aFriedemann, Nina S. de
245 1 0 _aEntre la tierra y el cielo : Magia y leyendas del Chocó / Nina S. de Friedemann, Alfredo Vanín
260 _aBogotá, Colombia : Planeta
300 _a274 Pag
001 10352
942 _cBK
999 _c39927
_d39927
336 _atexto
_btxt
_2rdacontent
337 _2rdamedia
_asin mediación
_bn
338 _2rdacarrier
_avolumen
_bnc